书目信息 |
| 题名: |
世界戏剧学
|
|
| 作者: | 余秋雨 著 | |
| 分册: | ||
| 出版信息: | 北京 北京联合出版公司 2021 |
|
| 页数: | 492页 | |
| 开本: | 23cm | |
| 丛书名: | ||
| 单 册: | ||
| 中图分类: | J80 | |
| 科图分类: | ||
| 主题词: | 戏剧学--世界 | |
| 电子资源: | ||
| ISBN: | 978-7-5596-4693-4 | |
| 000 | 00827nam0 2200241 450 | |
| 001 | 2337050508 | |
| 005 | 20230926101746.03 | |
| 010 | @a978-7-5596-4693-4@dCNY80.00 | |
| 100 | @a20210927d2021 em y0chiy50 ea | |
| 101 | 0 | @achi |
| 102 | @aCN@b110000 | |
| 105 | @aa z 000yy | |
| 200 | 1 | @a世界戏剧学@Ashi jie xi ju xue@dWorld dramaturgy@f余秋雨著@zeng |
| 210 | @a北京@c北京联合出版公司@d2021 | |
| 215 | @a492页@c图,照片@d23cm | |
| 300 | @a余秋雨定稿合集 磨铁 | |
| 330 | @a本书是中国大陆首部完整阐释世界各国自远古到现代的文化发展和戏剧思想的史论著作,内容包括:希腊的大门、罗马的标准、东方的情味、日本的秘传、欧洲再度苏醒等13章。 | |
| 510 | 1 | @aWorld dramaturgy@zeng |
| 606 | 0 | @a戏剧学@y世界 |
| 690 | @aJ80@v5 | |
| 701 | 0 | @a余秋雨@Ayu qiu yu@f(1946.8-)@4著 |
| 801 | 0 | @aCN@b安徽时代@c20230923 |
| 905 | @aBZT@dJ80@e4 | |
| 世界戏剧学=World dramaturgy/余秋雨著.-北京:北京联合出版公司,2021 |
| 492页:图,照片;23cm |
| 余秋雨定稿合集 磨铁 |
| ISBN 978-7-5596-4693-4:CNY80.00 |
| 本书是中国大陆首部完整阐释世界各国自远古到现代的文化发展和戏剧思想的史论著作,内容包括:希腊的大门、罗马的标准、东方的情味、日本的秘传、欧洲再度苏醒等13章。 |
| ● |
| 相关链接 |
|
|
|
正题名:世界戏剧学
索取号:J80/4
 
预约/预借
| 序号 | 登录号 | 条形码 | 馆藏地/架位号 | 状态 | 备注 |
| 1 | 2000928257 | 2000928257 | 315书库/四35架A面4层3列/ [索取号:J80/4] | 在馆 | |
| 2 | 2000928258 | 2000928258 | 315书库/四35架A面4层3列/ [索取号:J80/4] | 在馆 | |
| 3 | 2000928259 | 2000928259 | 315书库/四35架A面4层3列/ [索取号:J80/4] | 在馆 | |
| 4 | 2000928260 | 2000928260 | 315书库/四35架A面5层3列/ [索取号:J80/4] | 在馆 | |
| 5 | 2000928261 | 2000928261 | 315书库/四35架A面5层3列/ [索取号:J80/4] | 在馆 | |
| 6 | 2000928262 | 2000928262 | 315书库/四35架A面5层3列/ [索取号:J80/4] | 在馆 |